000 00567nam a2200229Ia 4500
003 OSt
005 20221007062322.0
006 a|||||r|||| 00| 0
007 ta
008 221006b |||||||| |||| 00| 0 eng d
024 _a1,035
037 _cTextual
040 _aFLL
_cFLL
_beng
041 _2eng
_aeng
082 _aX:96:Z2, L2
100 _aSethi R.B.
245 0 _aLaw of Trade Unions
250 _a2nd
260 _aAllahabad
_bLaw Book Co. India
_c1973
942 _hX:96:Z2, L2
_cTEXL
_2CC
999 _c1128290
_d1128290